[Event "Heusenstamm Sparkassen op-B 4th"]
[Site "Heusenstamm"]
[Date "2017.11.24"]
[Round "2"]
[White "Espig, Nils"]
[Black "El Lawindy, Asem"]
[Result "1/2-1/2"]
[WhiteElo "1409"]
[BlackElo "1562"]
[PlyCount "45"]
[EventDate "2017.11.23"]
[EventType "swiss"]
[EventRounds "7"]
[EventCountry "GER"]
[SourceTitle "EXT 2019"]
[Source "ChessBase"]
[SourceDate "2018.10.10"]
[SourceVersion "1"]
[SourceVersionDate "2018.10.10"]
[SourceQuality "1"]

1. e4 c5 2. Nf3 d6 3. d4 cxd4 4. Nxd4 a6 5. c4 Nc6 6. Nc3 Nf6 7. Be2 g6 8. 0-0 Bg7 9. Be3 0-0 10. h3 e6 11. Qd2 Qc7 12. Rfd1 Rd8 13. Nxc6 bxc6 14. e5 Ne8 15. Na4 Rb8 16. exd6 Rxd6 17. Qc2 Rxd1+ 18. Rxd1 e5 19. b3 Bf5 20. Qc3 Rd8 21. Re1 Rb8 22. Nc5 Ra8 23. Rd1 1/2-1/2